| 000 | 00408 a2200133 4500 | ||
|---|---|---|---|
| 001 | 88092 | ||
| 082 | _aPR 331 | ||
| 090 |
_c41503 _d41503 |
||
| 100 | _aM Amir Malik | ||
| 245 | _aTo develop a software for preparation of monthly repair schedule for approximately 600 components of mirage fleet | ||
| 260 |
_aRisalpur _bNUST Risalpur _c2004 |
||
| 300 |
_aiv, 66p. _eRekhman Gul |
||
| 500 | _aBE Project Reports | ||
| 942 |
_aCAE NUST _kPR 331 |
||
| 999 |
_c323165 _d323165 |
||